4-Letter Capitals Quiz Stats

 Plays Quiz Updated Nov 16, 2017

Score 0/14 Timer 04:00
17 Plays Today
City % Correct
Rome
78%
Oslo
77.2%
Lima
72.6%
Bern
61.3%
Riga
53.7%
Kyiv
52.2%
Doha
41.8%
City % Correct
Juba
41.7%
Suva
41.7%
Baku
41.3%
Lomé
41.3%
Malé
41.2%
Dili
38.3%
Apia
35.9%

You're not logged in!

Compare scores with friends on all Sporcle quizzes.
OR
Log In

Sporcle TV

Today on Sporcle TV


Watch our educational content, quiz creation guides, and fun videos on Sporcle TV.

Show Comments

Extras

Top Quizzes Today


Score Distribution

Your Account Isn't Verified!

In order to create a playlist on Sporcle, you need to verify the email address you used during registration. Go to your Sporcle Settings to finish the process.

Report this User

Report this user for behavior that violates our Community Guidelines.

Details: